=LDR 00000nam 2200000 4500 =001 INLIS000000000054590 =005 20200217090710 =035 ##$$a 0010-0220000152 =007 ta =008 200217###########################0#ind## =245 1#$$a Istri dan Putri Nabi : $b Mengenal dan mencintai putri Nabi /$c Abdullah Haidir, Lc. =300 ##$$a 312 halaman ; $c 20 Cm. =700 #$$a Penyunting, Irin Hidayat =264 ##$$a Yogyakarta :$b Pro-U-Media,$c 2017 =336 ##$$a teks$2 rdacontent =337 ##$$a lain-lain$2 rdamedia =338 ##$$a lain-lain$2 rdacarrier =020 ##$$a 978-602-7820-76-0 =082 ##$$a 297.913 =084 ##$$a 297.913 Abd i =650 #4$$a Keluarga Nabi =504 ##$$a Bibliografi: halaman 305-310 =990 ##$$a 3202001010 =990 ##$$a 3202001011